| 000 -CABECERA |
| Campo de control de longitud fija |
01090nam a22002777a 4500 |
| 001 - NÚMERO DE CONTROL |
| Campo de control |
BH35596 |
| 003 - IDENTIFICADOR DEL NÚMERO DE CONTROL |
| Campo de control |
ES-SlBCS |
| 005 - FECHA Y HORA DE LA ÚLTIMA TRANSACCIÓN |
| Campo de control |
20260701105254.0 |
| 008 - CÓDIGOS DE INFORMACIÓN DE LONGITUD FIJA |
| Campo de control de longitud fija |
260701b1840 sp ||||| |||| 00| 0 spa d |
| 040 ## - FUENTE DE LA CATALOGACIÓN |
| Centro catalogador del origen |
ES-SIBCS |
| Lengua de catalogación |
spa |
| 041 ## - CÓDIGO DE LENGUA |
| Código de lengua del texto/banda sonora o título independiente |
spa |
| 080 ## - NÚMERO DE LA CLASIFICACIÓN DECIMAL UNIVERSAL |
| Número de la Clasificación Decimal Universal |
821.134.2Cervantes Saavedra, Miguel7don |
| 100 1# - PUNTO DE ACCESO PRINCIPAL-NOMBRE DE PERSONA |
| Nombre de persona |
Cervantes Saavedra, Miguel de ( |
| Fechas asociadas al nombre |
1547-1616) |
| 9 (RLIN) |
3934 |
| 130 ## - PUNTO DE ACCESO PRINCIPAL-TÍTULO UNIFORME |
| Nombre de parte o sección de la obra |
El Quijote de la Mancha |
| 9 (RLIN) |
26572 |
| 240 10 - TÍTULO UNIFORME |
| Título uniforme |
<a href="Don Quijote de la Mancha (1840, Madrid)">Don Quijote de la Mancha (1840, Madrid)</a> |
| 245 10 - MENCIÓN DE TÍTULO |
| Título |
Historia de la vida y hechos del ingenioso hidalgo Don Quijote de la Mancha |
| Mención de responsabilidad, etc. |
compuesto por Miguel Cervantes Saavedra |
| 250 ## - MENCIÓN DE EDICIÓN |
| Mención de edición |
Ultima ed. completisima conforme al original primitivo |
| 260 ## - PUBLICACIÓN, DISTRIBUCIÓN, ETC... (PIE DE IMPRENTA) |
| Lugar de publicación, distribución, etc. |
Madrid : |
| Nombre del editor, distribuidor, etc. |
Imprenta del Establecimiento Central, |
| Fecha de publicación, distribución, etc. |
1840 |
| 300 ## - DESCRIPCIÓN FÍSICA |
| Extensión |
2 v. : |
| Otras características físicas |
lam. ; |
| Dimensiones |
16 cm |
| 500 ## - NOTA GENERAL |
| Nota general |
Lams. grabadas por Miranda, Alvarez y Cobo |
| 505 ## - NOTA DE CONTENIDO CON FORMATO |
| Nota de contenido con formato |
Contiene : Tomo III (389, [3] p.).- Tomo IV (376, [2] p.<br/> |
| 561 ## - NOTA DE PROCEDENCIA |
| Procedencia |
Sto. Tomás (Sevilla) |
| 700 1# - PUNTO DE ACCESO ADICIONAL-NOMBRE DE PERSONA |
| Nombre de persona |
Cobo, N., |
| Término indicativo de función |
il |
| 9 (RLIN) |
26574 |
| 710 2# - PUNTO DE ACCESO ADICIONAL-NOMBRE DE ENTIDAD |
| Nombre de entidad o nombre de jurisdicción como elemento inicial |
Imprenta del Establecimiento Central |
| Sede del congreso |
(Madrid) |
| 9 (RLIN) |
26575 |
| 942 ## - ENTRADA DE ELEMENTOS AGREGADOS (KOHA) |
| Fuente de clasificaión o esquema |
|
| Koha [por defecto] tipo de item |
Libro Antiguo |